Normal view
MARC view
Entry Personal Name
001 - CONTROL NUMBER
- control field: 43893
003 - CONTROL NUMBER IDENTIFIER
- control field: ARRUPE
005 - DATE AND TIME OF LATEST TRANSACTION
- control field: 20190109101106.0
008 - FIXED-LENGTH DATA ELEMENTS
- fixed length control field: 190109|| aca||aabn | a|a d
040 ## - CATALOGING SOURCE
- Original cataloging agency: ARRUPE
- Transcribing agency: ARRUPE
100 ## - HEADING--PERSONAL NAME
- Personal name: Bury, Shirley.
670 ## - SOURCE DATA FOUND
- Source citation: Work cat.: (ARRUPE)0: Bury, Shirley., Victorian electroplate., 1971.